Géographie par lettre - V - Statistiques

Statistiques générales
  • Ce quiz a été pris 185 fois
  • Le résultat moyen est 16 sur 20
Statistiques - réponses
Questions Réponses % Correct
Quel est le plus petit Etat du monde ? Vatican
98%
Quelle ville italienne est célèbre pour sa place Saint-Marc ? Venise
98%
Quel nom propre peut être un département, un fleuve français ou une ville autrichienne ? Vienne
98%
Quel fleuve français porte le nom d'un département qu'il ne traverse même pas ? Var
97%
Quelle est la capitale de la Pologne ? Varsovie
95%
Quel pays est le plus peuplé de la péninsule indochinoise ? Vietnam
93%
Quel pays d'Amérique est dérivé de la ville ci-dessus ? Venezuela
91%
Quelle ville de la Drôme se situe en France mais aussi en Espagne ? Valence
89%
Quel petit pays d'Océanie a pour capitale Port-Vila ? Vanuatu
88%
Quelle est la capitale de la Lituanie ? Vilnius
87%
Quel prénom féminin est également le nom d'un Etat des Etats-Unis ? Virginie
84%
Quelle région montagneuse de l'Est de la France a donné son nom au département 88 ? Vosges
81%
Quelle ville est la plus peuplée de l'agglomération lyonnaise ? Villeurbanne
79%
Quel département abrite Les Sables d'Olonne ? Vendée
75%
Quel actuel département abritait la cité des Papes avant 1791 ? Vaucluse
74%
Quelle est la préfecture du Morbihan ? Vannes
73%
Dans quelle ville se situe l'histoire de Roméo et Juliette ? Vérone
68%
Quelle est la préfecture des Yvelines ? Versailles
67%
Quelle est la commune la plus peuplée de la Meuse ? Verdun
30%
De quelle région était originaire Vlad l'Empaleur ? Valachie
21%
Aucun quiz correspondant
Distribution des résultats
% des personnes avec chaque résultat
Percentile par nombre de réponses
Votre historique - résultats
Vous n’avez pas pris ce quiz